Valóságshow-k a magyar kereskedelmi médiában

Bibliographic Details
Main Author: Rubi Dóra Alexandra
Other Authors: Zelena Dr. András
Format: Thesis
Kulcsszavak:Valóságshow
Média
Kereskedelmi csatornák
Online Access:http://dolgozattar.uni-bge.hu/23158

MARC

LEADER 00000nta a2200000 i 4500
001 dolg23158
005 20200311124948.0
008 191128suuuu hu om 000 hun d
040 |a BGE Dolgozattár Repozitórium  |b hun 
041 |a hu 
100 1 |a Rubi Dóra Alexandra 
245 1 0 |a Valóságshow-k a magyar kereskedelmi médiában  |c Rubi Dóra Alexandra  |h [elektronikus dokumentum] 
695 |a Valóságshow 
695 |a Média 
695 |a Kereskedelmi csatornák 
700 1 |a Zelena Dr. András  |e ths 
856 4 0 |u http://dolgozattar.uni-bge.hu/23158/1/Rubi%20D%C3%B3ra-%20Szakdolgozat%20Val%C3%B3s%C3%A1gshow-k.pdf  |z Dokumentum-elérés